000 00816nam a2200253 a 4500
001 000008690
003 DO-SdBNP
005 20160920134510.0
007 000008690
008 090918t1979 dr 001 p spa d
040 _aBPMET
_bspa
_cBPMET
049 _aBNPD
092 _aRD861.4409
_bA347ze
100 1 _aAlcántara Almánzar, José,
_d1946-
245 1 0 _aEstudios de poesía dominicana /
_cJosé Alcántara Almánzar.
260 _aSanto Domingo :
_bAlfa y Omega,
_c1979.
300 _a435 p. ;
_c25 cm.
650 4 _aPOESÍA DOMINICANA
_xCRÍTICA E INTERPRETACIÓN
650 4 _aAUTORES DOMINICANOS
_xCRÍTICA E INTERPRETACIÓN
650 4 _aLITERATURA DOMINICANA
_xHISTORIA Y CRÍTICA
910 _aValidado. Control de calidad EMS
942 _2ddc
_cBK
956 _aVMATEO
_b10
_c10151002
_lBPMSU
_h0069
999 _c7197
_d7197